Statistiken für Länder in der Nähe von Luxemburg

Klicken Sie hier um das Quiz zu spielen!

Allgemein

  • Dieses Quiz wurde 199 mal gespielt
  • Das Durchschnittsergebnis liegt bei 18 aus 20

Antwortstatistiken

kmLand% Korrekt
0Deutschland
100%
0Frankreich
100%
0Belgien
99%
321Österreich
99%
227Schweiz
99%
366Italien
98%
64Niederlande
98%
555Dänemark
96%
602Polen
96%
811Spanien
94%
401Tschechien
94%
338Liechtenstein
91%
337Vereinigtes Königreich
89%
768Slowakei
84%
630Slowenien
84%
641Monaco
81%
767Ungarn
80%
732Schweden
78%
766San Marino
73%
694Kroatien
72%

Verteilung der Resultate

Perzentil nach korrekt beantworteten Fragen

Anzahl Personen mit jedem Resultat

Ihre Resultats-Entwicklung

Sie haben dieses Quiz noch nicht gespielt